Canciones y poemas para ninos / (Record no. 17960)

MARC details
000 -LEADER
fixed length control field 00638nam a22002177a 4500
001 - CONTROL NUMBER
control field sjds170113
003 - CONTROL NUMBER IDENTIFIER
control field sjds
005 - DATE AND TIME OF LATEST TRANSACTION
control field 20230214111732.0
008 - FIXED-LENGTH DATA ELEMENTS--GENERAL INFORMATION
fixed length control field 170630b flu||||| |||| 00| 0 spa d
020 ## - INTERNATIONAL STANDARD BOOK NUMBER
International Standard Book Number 9781887578592 (pbk.)
020 ## - INTERNATIONAL STANDARD BOOK NUMBER
International Standard Book Number 1887578595 (pbk.)
040 ## - CATALOGING SOURCE
Transcribing agency sjds
041 ## - LANGUAGE CODE
Language code of text/sound track or separate title spa
100 1# - MAIN ENTRY--PERSONAL NAME
Personal name García Lorca, Federico
245 10 - TITLE STATEMENT
Title Canciones y poemas para ninos /
Statement of responsibility, etc. Federico Garcia Lorca ; ilustraciones de Daniel Zarza.
260 ## - PUBLICATION, DISTRIBUTION, ETC. (IMPRINT)
Place of publication, distribution, etc. Cooper City, FL :
Name of publisher, distributor, etc. SpanPress,
Date of publication, distribution, etc. 1997.
300 ## - PHYSICAL DESCRIPTION
Extent 90 pages :
Other physical details illustrations
Dimensions 21 cm
650 ## - SUBJECT ADDED ENTRY--TOPICAL TERM
Topical term or geographic name as entry element Spanish poetry
Form subdivision Juvenile literature
700 1# - ADDED ENTRY--PERSONAL NAME
Personal name Zarza, Daniel
942 ## - ADDED ENTRY ELEMENTS (KOHA)
Koha item type Libro/Book
Holdings
Withdrawn status Lost status Damaged status Not for loan Home library Current library Date acquired Total Checkouts Full call number Barcode Date last seen Date checked out Price effective from Koha item type Inventory number Checked out Total Renewals Shelving location
        La Puerta Biblioteca -- Satellite La Puerta Biblioteca -- Satellite 06/02/2023 7   40302483 03/08/2024 09/11/2023 06/02/2023 Libro/Book        
        La Puerta Biblioteca -- Satellite La Puerta Biblioteca -- Satellite 06/02/2023 7   40302486 17/01/2026 05/10/2023 06/02/2023 Libro/Book        
        San Juan Del Sur -- Mobile Rejega 26/12/2022 1 POE 33016933 12/05/2023 12/05/2023 26/12/2022 Libro/Book   16/06/2023    
        San Juan Del Sur -- Biblioteca San Juan Del Sur -- Biblioteca 26/01/2015 2 REF 30006581 26/09/2018 05/09/2018 26/01/2015 Libro/Book        
        San Juan Del Sur -- Mobile San Juan Del Sur -- Biblioteca 12/07/2022 1 POE 33016490 01/03/2023 01/03/2023 12/07/2022 Libro/Book Checked out from 2023 - Jan 2025 05/04/2023    
        San Juan Del Sur -- Biblioteca San Juan Del Sur -- Biblioteca 23/06/2023   JF 30023144 23/06/2023   23/06/2023 Libro/Book Inventory date: 15-5-25     General Stacks
        San Juan Del Sur -- Mobile San Juan Del Sur -- Mobile 14/02/2023   POE 30029811 14/02/2023   14/02/2023 Libro/Book Inventory date: 1-2-25      
        San Juan Del Sur -- Mobile San Juan Del Sur -- Mobile 14/02/2023   POE 30029810 14/02/2023   14/02/2023 Libro/Book Inventory date: 1-2-25      
        San Juan Del Sur -- Mobile Tortuga 26/12/2022 2 POE 33016934 18/10/2023 18/10/2023 26/12/2022 Libro/Book   22/11/2023 1  

Powered by Koha